Delos : monuments and museum /

محفوظ في:

المؤلف الرئيسي: Zapheiropoulou, Phōteine (مؤلف)

التنسيق: كتاب

اللغة: English

منشور في: [Athens, Greec] : Krene Editions, 1983.

الموضوعات:

الوسوم: إضافة وسم

لا توجد وسوم, كن أول من يضع وسما على هذه التسجيلة!

رقم الطلب: DF261 .D3 Z36 1983

LEADER 00791nam a22002531 4500
001 1482
003 OSt
005 20260104074803.0
008 130303s1983 gr abe 000 0 eng d
035 |a tmp00551013 
040 |c ARCE Library 
043 |a e-gr--- 
049 |a EARC 
050 4 |a DF261 .D3 Z36 1983  
100 1 |a Zapheiropoulou, Phōteine,  |e author  |9 42607 
245 1 0 |a Delos :  |b monuments and museum /  |c by Photini Zaphiropoulou. 
264 1 |a [Athens, Greec] :  |b Krene Editions,  |c 1983. 
300 |a 64 pages :  |b illustrations (some color), maps, folded plan ;  |c 24 cm. 
650 0 |a Excavations (Archaeology)  |z Greece  |z Delos Island. 
651 0 |a Delos Island (Greece)  |x Antiquities.  |9 16193 
651 0 |a Greece  |x Antiquities. 
901 |a reviewed 
942 |c BK  |2 lcc 
999 |c 2444  |d 2444